[Event "BEL-chT 0405"]
[Site "Belgium"]
[Date "2005.03.20"]
[Round "11"]
[White "Jens, Jelmer"]
[Black "Gottschling, Stefan"]
[Result "1-0"]
[WhiteElo "2357"]
[BlackElo "2545"]
[PlyCount "118"]
[EventDate "2004.09.09"]
[EventType "team-tourn"]
[EventRounds "11"]
[EventCountry "BEL"]
[SourceTitle "EXT 2006"]
[Source "ChessBase"]
[SourceDate "2005.11.24"]
[SourceVersion "1"]
[SourceVersionDate "2005.11.24"]
[SourceQuality "1"]
[WhiteTeam "Boey Temse"]
[BlackTeam "KSK47 Eynatten II"]
[WhiteTeamCountry "BEL"]
[BlackTeamCountry "BEL"]

1. e4 c5 2. Nf3 e6 3. d4 cxd4 4. Nxd4 a6 5. Bd3 Bc5 6. Nb3 Be7 7. c4 d6 8. Nc3 Nf6 9. 0-0 b6 10. f4 Nbd7 11. Qe2 Bb7 12. Bd2 0-0 13. Rf3 e5 14. Nd5 exf4 15. Nxe7+ Qxe7 16. Rxf4 Ne5 17. Re1 Rae8 18. Bc3 Nfd7 19. Nd4 Nxd3 20. Qxd3 Qg5 21. Qf1 g6 22. Re3 f6 23. Nf5 gxf5 24. Rg3 Bxe4 25. Rxg5+ fxg5 26. Rf2 f4 27. c5 bxc5 28. Qxa6 Re6 29. Re2 Rfe8 30. Qb5 Nf8 31. Qc4 Bd3 32. Rxe6 Bxc4 33. Rxe8 Bxa2 34. Ra8 Bc4 35. Bf6 Kf7 36. Bxg5 Ne6 37. Bh4 Nd4 38. Ra7+ Kg6 39. Rd7 d5 40. Be7 Ne6 41. Rb7 Kf5 42. Bd6 h5 43. Rh7 Kg6 44. Ra7 Bb3 45. Ra5 c4 46. Bb4 d4 47. Bd2 h4 48. h3 Bd1 49. Kf2 Kf6 50. Rb5 Kg6 51. Rb4 Bb3 52. Kf3 Kf5 53. Rb5+ Kf6 54. Ra5 Bd1+ 55. Ke4 Bc2+ 56. Kd5 Bb3 57. Kd6 Bc2 58. Be1 Ng7 59. Bxh4+ Kg6 1-0

[Event "HUN-chT 0304"]
[Site "Hungary"]
[Date "2004.01.25"]
[Round "6"]
[White "Gottschling, Stefan"]
[Black "Haag, Ervin"]
[Result "1/2-1/2"]
[WhiteElo "2513"]
[BlackElo "2327"]
[PlyCount "45"]
[EventDate "2003.09.28"]
[EventType "team"]
[EventRounds "11"]
[EventCountry "HUN"]
[SourceTitle "EXT 2006"]
[Source "ChessBase"]
[SourceDate "2005.11.24"]
[SourceVersion "1"]
[SourceVersionDate "2005.11.24"]
[SourceQuality "1"]

1. d4 f5 2. g3 Nf6 3. Bg2 d6 4. Nf3 g6 5. b4 Bg7 6. Bb2 0-0 7. c4 Qe8 8. 0-0 Nc6 9. a3 Nh5 10. Nc3 Bd7 11. d5 Ne5 12. Nxe5 dxe5 13. c5 e4 14. Qb3 Qf7 15. Rad1 a6 16. f3 exf3 17. Bxf3 e5 18. e3 Nf6 19. e4 Kh8 20. Be2 Qe8 21. exf5 gxf5 22. d6 c6 23. Bc4 1/2-1/2

[Event "Bayern-chI Bank Hofmann 6th"]
[Site "Bad Wiessee"]
[Date "2002.11.02"]
[Round "8"]
[White "Prusikin, Michael"]
[Black "Gottschling, Stefan"]
[Result "1-0"]
[WhiteElo "2504"]
[BlackElo "2276"]
[PlyCount "63"]
[EventDate "2002.10.26"]
[EventType "swiss"]
[EventRounds "9"]
[EventCountry "GER"]
[SourceTitle "EXT 2003"]
[Source "ChessBase"]
[SourceDate "2002.11.25"]
[SourceVersion "1"]
[SourceVersionDate "2002.11.25"]
[SourceQuality "1"]

1. d4 Nf6 2. c4 e6 3. Nf3 d5 4. g3 Be7 5. Bg2 0-0 6. 0-0 Nbd7 7. Nc3 c6 8. Bf4 b6 9. Rc1 Bb7 10. Qb3 Re8 11. Rfd1 Nf8 12. Ne5 Ng6 13. Nxg6 hxg6 14. e4 dxc4 15. Qxc4 b5 16. Qb3 Qb6 17. h3 Rac8 18. Be3 Qa5 19. e5 Nd5 20. Ne4 Red8 21. Bg5 Bxg5 22. Nxg5 Qb6 23. Qf3 Rd7 24. Qg4 Kf8 25. Qh4 Ne7 26. Qh8+ Ng8 27. Nh7+ Ke7 28. Qxg7 Rxd4 29. Ng5 Rf8 30. Nxe6 Kxe6 31. Qxf8 Ne7 32. h4 1-0

[Event "Bayern-chI Bank Hofmann 5th"]
[Site "Bad Wiessee"]
[Date "2001.11.02"]
[Round "7"]
[White "Jaenig, Reinhard"]
[Black "Gottschling, Stefan"]
[Result "1-0"]
[WhiteElo "2081"]
[BlackElo "2274"]
[PlyCount "85"]
[EventDate "2001.10.27"]
[EventType "swiss"]
[EventRounds "9"]
[EventCountry "GER"]
[SourceTitle "EXT 2003"]
[Source "ChessBase"]
[SourceDate "2002.11.25"]
[SourceVersion "1"]
[SourceVersionDate "2002.11.25"]
[SourceQuality "1"]

1. e4 Nf6 2. e5 Nd5 3. d4 d6 4. c4 Nb6 5. exd6 cxd6 6. Nc3 g6 7. h3 Bg7 8. Nf3 0-0 9. Be3 Nc6 10. Rc1 e5 11. d5 Ne7 12. Be2 h6 13. 0-0 Nf5 14. Bd2 Nd4 15. Nxd4 exd4 16. Ne4 Bf5 17. Ng3 Bd7 18. b3 Qh4 19. Kh2 Rae8 20. f4 f5 21. Bd3 Rf7 22. Ne2 g5 23. Nxd4 g4 24. Ne2 h5 25. Ng3 Bd4 26. Be1 Rxe1 27. Qxe1 Re7 28. Nxf5 Rxe1 29. Nxh4 Re3 30. Bf5 Bf6 31. Bxd7 Nxd7 32. Nf5 Re2 33. hxg4 hxg4 34. Nh6+ Kg7 35. Nxg4 Rxa2 36. Nxf6 Nxf6 37. Ra1 Rb2 38. Rfb1 Rf2 39. Rxa7 Rxf4 40. Rxb7+ Kg6 41. Re1 Ne4 42. Rxe4 Rxe4 43. Rb6 1-0

[Event "Bayern-chI Bank Hofmann 5th"]
[Site "Bad Wiessee"]
[Date "2001.10.31"]
[Round "5"]
[White "Eingorn, Vereslav S"]
[Black "Gottschling, Stefan"]
[Result "1-0"]
[WhiteElo "2601"]
[BlackElo "2274"]
[PlyCount "73"]
[EventDate "2001.10.27"]
[EventType "swiss"]
[EventRounds "9"]
[EventCountry "GER"]
[SourceTitle "EXT 2003"]
[Source "ChessBase"]
[SourceDate "2002.11.25"]
[SourceVersion "1"]
[SourceVersionDate "2002.11.25"]
[SourceQuality "1"]

1. c4 e6 2. Nc3 d5 3. d4 Nf6 4. Bg5 Be7 5. e3 h6 6. Bh4 0-0 7. Rc1 b6 8. Bxf6 Bxf6 9. cxd5 exd5 10. Qf3 c6 11. Bd3 Na6 12. Nge2 Nc7 13. 0-0 Ba6 14. Bxa6 Nxa6 15. Nf4 Nc7 16. Nd3 Qd6 17. Qg3 Rad8 18. Qxd6 Rxd6 19. Rc2 Ne6 20. b4 Be7 21. Rfc1 f5 22. Ne2 Nd8 23. Ne5 Rff6 24. b5 cxb5 25. Rc7 Bf8 26. Rxa7 Nc6 27. Ra8 b4 28. Nf4 g5 29. Nh5 Rfe6 30. f4 Nxe5 31. fxe5 Rc6 32. Rf1 Re7 33. Rxf5 Rf7 34. Nf6+ Kg7 35. g4 Rc1+ 36. Kg2 Rc2+ 37. Kg3 1-0

[Event "Bayern-chI Bank Hofmann 5th"]
[Site "Bad Wiessee"]
[Date "2001.10.29"]
[Round "3"]
[White "Jaracz, Pawel"]
[Black "Gottschling, Stefan"]
[Result "1-0"]
[WhiteElo "2525"]
[BlackElo "2274"]
[PlyCount "93"]
[EventDate "2001.10.27"]
[EventType "swiss"]
[EventRounds "9"]
[EventCountry "GER"]
[SourceTitle "EXT 2003"]
[Source "ChessBase"]
[SourceDate "2002.11.25"]
[SourceVersion "1"]
[SourceVersionDate "2002.11.25"]
[SourceQuality "1"]

1. e4 Nf6 2. e5 Nd5 3. d4 d6 4. Nf3 Bg4 5. Be2 e6 6. 0-0 Be7 7. c4 Nb6 8. h3 Bh5 9. Nc3 0-0 10. Be3 a5 11. exd6 cxd6 12. Qb3 N8d7 13. Qb5 Bxf3 14. Bxf3 Qc7 15. b3 d5 16. c5 Nc8 17. Rac1 Na7 18. Qd3 b6 19. c6 Nf6 20. Nb5 Nxb5 21. Qxb5 Ne8 22. Qd3 Bd6 23. Qd2 f5 24. Qd3 Qe7 25. Be2 f4 26. Bd2 Nc7 27. Rc2 Qh4 28. Re1 Rf6 29. Bc1 Raf8 30. Qf3 g6 31. a3 h5 32. b4 Kf7 33. bxa5 bxa5 34. Qd3 Rh8 35. Rf1 Rb8 36. Rb2 Rxb2 37. Bxb2 Kg7 38. Bc3 Bxa3 39. Bxa5 Bd6 40. Rb1 Rf7 41. Rb8 Qf6 42. Rc8 Qe7 43. Qb1 Rf8 44. Qb7 Rxc8 45. Qxc8 Qe8 46. Qd7+ Kf6 47. Qxd6 1-0

[Event "Wuerttemberg op"]
[Site "Germany"]
[Date "2001.08.25"]
[Round "1"]
[White "Gottschling, Stefan"]
[Black "Schmidt, Joachim"]
[Result "1-0"]
[WhiteElo "2247"]
[BlackElo "2031"]
[PlyCount "51"]
[EventDate "2001.08.??"]
[EventType "swiss"]
[EventRounds "8"]
[EventCountry "GER"]
[SourceTitle "EXT 2002"]
[Source "ChessBase"]
[SourceDate "2001.11.25"]
[SourceVersion "1"]
[SourceVersionDate "2001.11.25"]
[SourceQuality "1"]

1. e4 c5 2. Nf3 Nc6 3. d4 cxd4 4. Nxd4 Nf6 5. Nc3 d6 6. f3 a6 7. Be3 Bd7 8. Qd2 b5 9. a4 b4 10. Nd5 Nxd5 11. Nxc6 Bxc6 12. exd5 Bb7 13. Qxb4 Bxd5 14. Bb5+ axb5 15. Qxb5+ Qd7 16. Qxd5 Rxa4 17. 0-0 e6 18. Qb3 Rxa1 19. Rxa1 Be7 20. Ra7 Qc6 21. c4 Bd8 22. Qb5 Qxb5 23. cxb5 0-0 24. b6 d5 25. Ra8 e5 26. b7 1-0

[Event "Stuttgart op 6th"]
[Site "Ditzingen"]
[Date "2001.05.27"]
[Round "7"]
[White "Wittmann, Ralf"]
[Black "Gottschling, Stefan"]
[Result "0-1"]
[WhiteElo "2185"]
[BlackElo "2247"]
[PlyCount "88"]
[EventDate "2001.05.24"]
[EventType "swiss"]
[EventRounds "7"]
[EventCountry "GER"]
[SourceTitle "CBM 082 Extra"]
[Source "ChessBase"]
[SourceDate "2001.07.03"]
[SourceVersion "1"]
[SourceVersionDate "2001.07.03"]
[SourceQuality "1"]

1. e4 Nf6 2. e5 Nd5 3. d4 d6 4. Nf3 Bg4 5. Be2 e6 6. 0-0 Be7 7. c4 Nb6 8. Nc3 0-0 9. Be3 a5 10. exd6 cxd6 11. c5 dxc5 12. dxc5 N6d7 13. Ne4 Na6 14. Rc1 f5 15. Nd6 Ndxc5 16. Rxc5 Qxd6 17. Rxa5 Nb4 18. Qa4 Rxa5 19. Qxa5 Nd5 20. Rd1 Rc8 21. Qb5 Qc6 22. Rc1 Qxc1+ 23. Bxc1 Rxc1+ 24. Bf1 Nf4 25. Qe5 Bd6 26. Qe3 Rb1 27. g3 Nh3+ 28. Kg2 f4 29. Qd3 Rxb2 30. Be2 Rxe2 31. Qxe2 Ng5 32. Qd3 Bxf3+ 33. Kf1 Bd5 34. a4 Ne4 35. Qd4 f3 36. Qb6 Kf7 37. a5 Kg6 38. Qd8 Bc5 39. Qe8+ Kh6 40. g4 Bc4+ 41. Ke1 Bb4+ 42. Kd1 Nxf2+ 43. Kc2 Nxg4 44. Qf7 f2 0-1

[Event "Stuttgart op 6th"]
[Site "Ditzingen"]
[Date "2001.05.25"]
[Round "3"]
[White "Duppel, Matthias"]
[Black "Gottschling, Stefan"]
[Result "1-0"]
[WhiteElo "2455"]
[BlackElo "2247"]
[PlyCount "89"]
[EventDate "2001.05.24"]
[EventType "swiss"]
[EventRounds "7"]
[EventCountry "GER"]
[SourceTitle "CBM 082 Extra"]
[Source "ChessBase"]
[SourceDate "2001.07.03"]
[SourceVersion "1"]
[SourceVersionDate "2001.07.03"]
[SourceQuality "1"]

1. Nf3 Nf6 2. c4 e6 3. Nc3 d5 4. d4 Be7 5. Bf4 0-0 6. e3 c5 7. dxc5 Qa5 8. a3 dxc4 9. Bxc4 Qxc5 10. Qe2 Nc6 11. e4 Rd8 12. h3 a6 13. e5 Nd5 14. Nxd5 exd5 15. Bd3 b5 16. 0-0 Be6 17. Ng5 Bxg5 18. Bxg5 Rdc8 19. Rad1 Ne7 20. Bxe7 Qxe7 21. f4 f5 22. Qf2 b4 23. Ra1 a5 24. Qd4 Rab8 25. a4 Qc5 26. Qxc5 Rxc5 27. Kf2 d4 28. Ke2 g6 29. Kd2 Bd5 30. g4 Be4 31. Rfc1 Rbc8 32. Rxc5 Rxc5 33. Re1 b3 34. Bxe4 fxe4 35. Rxe4 Rc2+ 36. Kd3 Rxb2 37. Rxd4 Rh2 38. f5 Rxh3+ 39. Kd2 gxf5 40. gxf5 Rf3 41. f6 b2 42. Kc2 Rf2+ 43. Kb1 h5 44. e6 Rxf6 45. Rd8+ 1-0

[Event "Neckar op-A 5th"]
[Site "Deizisau"]
[Date "2001.04.13"]
[Round "2"]
[White "Tregubov, Pavel V"]
[Black "Gottschling, Stefan"]
[Result "1-0"]
[WhiteElo "2628"]
[BlackElo "2247"]
[PlyCount "87"]
[EventDate "2001.04.12"]
[EventType "swiss"]
[EventRounds "9"]
[EventCountry "GER"]
[SourceTitle "CBM 081 Extra"]
[Source "ChessBase"]
[SourceDate "2001.05.06"]
[SourceVersion "1"]
[SourceVersionDate "2001.05.06"]
[SourceQuality "1"]

1. d4 Nf6 2. c4 e6 3. Nf3 d5 4. Nc3 Be7 5. Bf4 0-0 6. e3 c5 7. dxc5 Qa5 8. a3 dxc4 9. Bxc4 Qxc5 10. Bd3 Nc6 11. 0-0 e5 12. Bg5 Bg4 13. h3 Bh5 14. Bxf6 Bxf6 15. Ne4 Qb6 16. Nxf6+ gxf6 17. Qa4 Bg6 18. Be4 Ne7 19. Rac1 Rac8 20. Rc3 Rxc3 21. bxc3 Bxe4 22. Qxe4 Qc6 23. Qh4 Ng6 24. Qh6 Kh8 25. Rd1 Rg8 26. Qh5 Qxc3 27. Rd7 Qc1+ 28. Kh2 Qf1 29. Qh6 Rg7 30. Rd8+ Rg8 31. Rd7 Rg7 32. Rd2 Qc4 33. h4 Qc6 34. Qh5 Qe6 35. Kh1 Ne7 36. Nh2 Rg8 37. Qf3 Nc6 38. Nf1 Rg4 39. Ng3 Rxh4+ 40. Kg1 e4 41. Qd1 Qg4 42. Qb3 Ne5 43. Qxb7 f5 44. Qb8+ 1-0

[Event "Bayern-chI Bank Hofmann 4th"]
[Site "Bad Wiessee"]
[Date "2000.10.30"]
[Round "3"]
[White "Gottschling, Stefan"]
[Black "Renner, Christoph"]
[Result "0-1"]
[WhiteElo "2218"]
[BlackElo "2429"]
[PlyCount "54"]
[EventDate "2000.10.28"]
[EventType "swiss"]
[EventRounds "9"]
[EventCountry "GER"]
[SourceTitle "EXT 2003"]
[Source "ChessBase"]
[SourceDate "2002.11.25"]
[SourceVersion "1"]
[SourceVersionDate "2002.11.25"]
[SourceQuality "1"]

1. e4 e5 2. Nf3 Nc6 3. Bb5 a6 4. Bxc6 dxc6 5. 0-0 Qd6 6. Na3 b5 7. c3 c5 8. Nc2 Bb7 9. d4 cxd4 10. cxd4 exd4 11. Nfxd4 Rd8 12. Qe2 c5 13. Nb3 Be7 14. Be3 Qe5 15. f3 Nf6 16. Qf2 Rc8 17. a4 0-0 18. Na5 Ba8 19. b3 Bd6 20. g4 Nxg4 21. fxg4 Qxe4 22. Qe2 Rfe8 23. Kf2 Bxh2 24. axb5 Qg2+ 25. Ke1 Bg3+ 26. Rf2 Qh1+ 27. Kd2 Rcd8+ 0-1

[Event "GER-ch 71st"]
[Site "Altenkirchen"]
[Date "1999.11.19"]
[Round "8"]
[White "Marchio, Enrico"]
[Black "Gottschling, Stefan"]
[Result "1-0"]
[WhiteElo "2289"]
[BlackElo "2243"]
[PlyCount "105"]
[EventDate "1999.11.12"]
[EventType "swiss"]
[EventRounds "9"]
[EventCountry "GER"]
[SourceTitle "CBM 074"]
[Source "ChessBase"]
[SourceDate "2000.02.01"]
[SourceVersion "1"]
[SourceVersionDate "2000.02.01"]
[SourceQuality "1"]

1. Nf3 Nf6 2. c4 e6 3. g3 d5 4. Bg2 Be7 5. d4 0-0 6. Nbd2 b6 7. cxd5 exd5 8. 0-0 Bb7 9. b3 Ne4 10. Bb2 Nd7 11. Rc1 Rc8 12. Rc2 f5 13. Qc1 Bd6 14. Ne5 c5 15. Nxd7 Qxd7 16. dxc5 bxc5 17. Nxe4 fxe4 18. Ba3 Qe7 19. e3 Rc7 20. Qd2 h5 21. Rfc1 g5 22. Qa5 Rfc8 23. Bb2 Kh7 24. Bf1 a6 25. Qd2 Qf8 26. Qd1 Qf7 27. Be2 Kh6 28. Qf1 Rc6 29. Qh3 Rf8 30. Qf1 Rfc8 31. Rd2 Bf8 32. Qh3 R8c7 33. Rcd1 Bc8 34. Qf1 Rd7 35. Rc1 g4 36. Qd1 Qe6 37. Ba3 Qf5 38. Rdc2 Rdc7 39. Qd2 Kg5 40. Qa5 h4 41. Bxc5 Bb7 42. Bd1 Qc8 43. Bxf8 Rxc2 44. Rxc2 Rxc2 45. Bxc2 Qxf8 46. Bxe4 Qc8 47. gxh4+ Kxh4 48. Bxd5 Kh3 49. Bg2+ Kh4 50. Qb6 Qc1+ 51. Bf1 Bc6 52. Qxa6 Kg5 53. Qc4 1-0

[Event "GER-ch 71st"]
[Site "Altenkirchen"]
[Date "1999.11.13"]
[Round "2"]
[White "Gottschling, Stefan"]
[Black "Voigt, Roland"]
[Result "0-1"]
[WhiteElo "2243"]
[BlackElo "2147"]
[PlyCount "76"]
[EventDate "1999.11.12"]
[EventType "swiss"]
[EventRounds "9"]
[EventCountry "GER"]
[SourceTitle "CBM 074"]
[Source "ChessBase"]
[SourceDate "2000.02.01"]
[SourceVersion "1"]
[SourceVersionDate "2000.02.01"]
[SourceQuality "1"]

1. e4 c5 2. Nf3 d6 3. d4 cxd4 4. Nxd4 Nf6 5. Nc3 a6 6. f3 e6 7. Be3 Be7 8. Qd2 Qc7 9. g4 b5 10. Bd3 Bb7 11. 0-0-0 b4 12. Nce2 Nfd7 13. Kb1 Nc5 14. Qxb4 Nbd7 15. Qc3 Qb8 16. Nb3 0-0 17. Nxc5 Nxc5 18. Bd4 Rc8 19. Qd2 Bc6 20. c4 Qb7 21. Ka1 a5 22. Nc3 a4 23. Bxc5 dxc5 24. f4 Bf6 25. Rhe1 Bd4 26. a3 Rab8 27. Qc2 Qb3 28. Rc1 Rd8 29. e5 Bxc3 30. Bxh7+ Kh8 31. Qxb3 Rxb3 32. Rxc3 Rxc3 33. bxc3 Kxh7 34. Re3 Rd1+ 35. Kb2 Rd2+ 36. Kc1 Rxh2 37. f5 Ra2 38. Rh3+ Kg8 0-1

[Event "Bayern-chI Bank Hofmann 3rd"]
[Site "Bad Wiessee"]
[Date "1999.10.24"]
[Round "2"]
[White "Caoili, Arianne"]
[Black "Gottschling, Stefan"]
[Result "1-0"]
[WhiteElo "2041"]
[BlackElo "2243"]
[PlyCount "77"]
[EventDate "1999.10.23"]
[EventType "swiss"]
[EventRounds "9"]
[EventCountry "GER"]
[SourceTitle "EXT 2001"]
[Source "ChessBase"]
[SourceDate "2000.11.22"]
[SourceVersion "1"]
[SourceVersionDate "2000.11.22"]
[SourceQuality "1"]

1. d4 Nf6 2. c4 e6 3. Nf3 d5 4. Nc3 Be7 5. Bf4 0-0 6. e3 c5 7. dxc5 Bxc5 8. a3 a6 9. cxd5 Nxd5 10. Nxd5 exd5 11. Bd3 h6 12. Rc1 Bd6 13. Rxc8 Qxc8 14. Bxd6 Re8 15. 0-0 Nc6 16. Bb1 Qe6 17. Bf4 g5 18. Bg3 f5 19. h4 g4 20. Ne1 Rad8 21. Ba2 Kh7 22. Nd3 Qf6 23. Nf4 d4 24. Qb3 dxe3 25. Qxb7+ Re7 26. Qxa6 exf2+ 27. Bxf2 Qd6 28. Bg3 Rb8 29. Bb1 Rf7 30. b4 Qd4+ 31. Kh2 Ne5 32. Qe6 Rbf8 33. Ne2 Qe3 34. Bxe5 Qxe2 35. Bxf5+ Rxf5 36. Rxf5 g3+ 37. Kh3 h5 38. Rf7+ Rxf7 39. Qxf7+ 1-0

[Event "Wuerttemberg op"]
[Site "Wuerttemberg"]
[Date "1999.09.03"]
[Round "7"]
[White "Sorg, Bernd"]
[Black "Gottschling, Stefan"]
[Result "1-0"]
[WhiteElo "2216"]
[BlackElo "2243"]
[PlyCount "99"]
[EventDate "1999.08.28"]
[EventType "swiss"]
[EventRounds "9"]
[EventCountry "GER"]
[SourceTitle "EXT 2002"]
[Source "ChessBase"]
[SourceDate "2001.11.25"]
[SourceVersion "1"]
[SourceVersionDate "2001.11.25"]
[SourceQuality "1"]

1. d4 Nf6 2. Nf3 e6 3. g3 c5 4. Bg2 Nc6 5. 0-0 cxd4 6. Nxd4 Qb6 7. Nb3 d5 8. Nc3 Be7 9. e4 d4 10. Ne2 e5 11. c3 Bg4 12. cxd4 exd4 13. h3 Bh5 14. g4 Bg6 15. Nexd4 Nxe4 16. Re1 Nxd4 17. Nxd4 Rd8 18. Qa4+ Kf8 19. Be3 Nc5 20. Qb5 h5 21. g5 h4 22. Qxb6 axb6 23. Nb3 f6 24. Nxc5 bxc5 25. Bxb7 Rb8 26. Bd5 Rxb2 27. a4 Bd3 28. a5 Ba6 29. Reb1 Rb4 30. Rxb4 cxb4 31. Rc1 fxg5 32. Rc6 Rh6 33. Be6 Bb7 34. Rb6 Rxe6 35. Rxe6 b3 36. Rb6 Bd5 37. Bd4 g4 38. a6 gxh3 39. a7 Kf7 40. Kh2 Bg2 41. Ra6 Ba8 42. Kxh3 g5 43. Rb6 Bf3 44. Be5 g4+ 45. Kh2 b2 46. Bxb2 Bd8 47. Rb5 Ke6 48. Be5 Bc6 49. Bf4 Kd7 50. Rb8 1-0

[Event "Wuerttemberg op"]
[Site "Wuerttemberg"]
[Date "1999.09.01"]
[Round "5"]
[White "Gottschling, Stefan"]
[Black "Latzke, Boris Alexander"]
[Result "1/2-1/2"]
[WhiteElo "2243"]
[BlackElo "2239"]
[PlyCount "73"]
[EventDate "1999.08.28"]
[EventType "swiss"]
[EventRounds "9"]
[EventCountry "GER"]
[SourceTitle "EXT 2002"]
[Source "ChessBase"]
[SourceDate "2001.11.25"]
[SourceVersion "1"]
[SourceVersionDate "2001.11.25"]
[SourceQuality "1"]

1. e4 e5 2. Nf3 Nc6 3. Bb5 a6 4. Bxc6 dxc6 5. 0-0 Qd6 6. Na3 Be6 7. Ng5 Bd7 8. d3 Qg6 9. f4 exf4 10. Bxf4 f6 11. Nf3 0-0-0 12. Qe1 Be6 13. Qa5 Bd6 14. e5 fxe5 15. Nxe5 Qe8 16. Rae1 Nf6 17. Nac4 Nd5 18. Nxd6+ cxd6 19. Nc4 Nxf4 20. Rxf4 Qg6 21. Nb6+ Kb8 22. Rfe4 Rde8 23. Qb4 Bf5 24. Rxe8+ Rxe8 25. Rxe8+ Qxe8 26. Qxd6+ Ka7 27. Qg3 Qe2 28. Nc4 Qd1+ 29. Kf2 Qxc2+ 30. Ke1 Qxd3 31. Qf2+ Ka8 32. Qc5 Qb1+ 33. Kf2 Qc2+ 34. Kg3 Qd3+ 35. Kf2 Qc2+ 36. Kg3 Qd3+ 37. Kf2 1/2-1/2

[Event "Passau op 7th"]
[Site "Passau"]
[Date "1999.04.05"]
[Round "7"]
[White "Gottschling, Stefan"]
[Black "Stock, Christoph"]
[Result "1-0"]
[WhiteElo "2245"]
[BlackElo "2050"]
[PlyCount "83"]
[EventDate "1999.04.02"]
[EventType "swiss"]
[EventRounds "7"]
[EventCountry "GER"]
[SourceTitle "EXT 2000"]
[Source "ChessBase"]
[SourceDate "1999.11.16"]
[SourceVersion "1"]
[SourceVersionDate "1999.11.16"]
[SourceQuality "1"]

1. e4 e6 2. d4 d5 3. Nd2 Nf6 4. e5 Ne4 5. Bd3 Nxd2 6. Bxd2 c5 7. dxc5 Bxc5 8. Qg4 Kf8 9. Nf3 Nc6 10. h4 f5 11. Qf4 h5 12. b4 Bb6 13. a4 Ne7 14. a5 Bc7 15. b5 Kg8 16. 0-0 Rh6 17. Qb4 Rg6 18. Bg5 Rxg5 19. hxg5 Ng6 20. Rfe1 b6 21. a6 Qd7 22. c4 d4 23. Rad1 Bd8 24. Qd6 Be7 25. Qxd7 Bxd7 26. Bf1 Bb4 27. Re2 Rc8 28. Rxd4 Be8 29. g3 Bc3 30. Rd3 Ba5 31. Rd4 Bc3 32. Rd1 Rxc4 33. Rc2 Rc5 34. Rdc1 Bb4 35. Rxc5 Bxc5 36. Rd1 Be7 37. Bc4 Kf7 38. Rd4 Nf8 39. Kf1 Kg6 40. Ke2 Nh7 41. Rd6 Nf8 42. Rxb6 1-0

[Event "Passau op 7th"]
[Site "Passau"]
[Date "1999.04.04"]
[Round "5"]
[White "Gottschling, Stefan"]
[Black "Wengler, Joerg"]
[Result "0-1"]
[WhiteElo "2245"]
[BlackElo "1998"]
[PlyCount "68"]
[EventDate "1999.04.02"]
[EventType "swiss"]
[EventRounds "7"]
[EventCountry "GER"]
[SourceTitle "EXT 2000"]
[Source "ChessBase"]
[SourceDate "1999.11.16"]
[SourceVersion "1"]
[SourceVersionDate "1999.11.16"]
[SourceQuality "1"]

1. e4 c6 2. d4 d5 3. exd5 cxd5 4. c4 Nf6 5. Nc3 Nc6 6. Bg5 Be6 7. a3 Qd7 8. Nge2 Nh5 9. Nc1 g6 10. Be2 Bg7 11. Bxh5 gxh5 12. N1e2 Rd8 13. c5 Bg4 14. f3 Bf5 15. 0-0 0-0 16. b4 Rde8 17. b5 Na5 18. Nf4 e5 19. dxe5 d4 20. Ncd5 Bxe5 21. Qa4 b6 22. cxb6 axb6 23. Nxb6 Qd6 24. Qxa5 Bxf4 25. Bxf4 Qxf4 26. Qb4 Re2 27. Rfe1 Rfe8 28. Rxe2 Rxe2 29. Nd5 Qe5 30. b6 Bh3 31. Nf6+ Kg7 32. Nxh5+ Kg6 33. Ng3 Qe3+ 34. Kh1 Bxg2# 0-1

[Event "Bayern-chI Bank Hofmann 2nd"]
[Site "Bad Wiessee"]
[Date "1998.11.30"]
[Round "3"]
[White "Yandemirov, Valeri"]
[Black "Gottschling, Stefan"]
[Result "1-0"]
[WhiteElo "2470"]
[BlackElo "2260"]
[PlyCount "113"]
[EventDate "1998.11.28"]
[EventType "swiss"]
[EventRounds "9"]
[EventCountry "GER"]
[SourceTitle "EXT 2001"]
[Source "ChessBase"]
[SourceDate "2000.11.22"]
[SourceVersion "1"]
[SourceVersionDate "2000.11.22"]
[SourceQuality "1"]

1. e4 d6 2. d4 Nf6 3. Nc3 g6 4. Bc4 Bg7 5. Qe2 Nc6 6. e5 Nd7 7. Nf3 Nb6 8. Bb5 0-0 9. Bxc6 bxc6 10. 0-0 Bg4 11. h3 Bxf3 12. Qxf3 dxe5 13. dxe5 Bxe5 14. Bh6 Bg7 15. Bxg7 Kxg7 16. Qxc6 Qd6 17. Qe4 c6 18. Rad1 Qc5 19. Rfe1 Rfe8 20. Rd3 e5 21. Red1 Re6 22. Qe2 Rae8 23. Ne4 Qb5 24. b3 f5 25. c4 Qb4 26. Nd6 Rf8 27. Qb2 Na4 28. Qa1 Nc5 29. Re3 Kg8 30. Rxe5 Nxb3 31. axb3 Rxd6 32. Rxd6 Qxd6 33. Ra5 Rf7 34. Rxa7 Rxa7 35. Qxa7 c5 36. Qa8+ Kg7 37. Qb7+ Kg8 38. g3 h5 39. Kg2 Kf8 40. h4 Qd4 41. b4 cxb4 42. Qxb4+ Kg7 43. Qe7+ Kg8 44. Qe6+ Kg7 45. Qc6 Qe5 46. Qd5 Qxd5+ 47. cxd5 Kf6 48. Kf3 Ke5 49. d6 Kxd6 50. Kf4 Ke6 51. Kg5 Kf7 52. Kh6 f4 53. gxf4 Kf6 54. f3 Kf5 55. Kg7 Kxf4 56. Kxg6 Kxf3 57. Kxh5 1-0